000 00739cam a22002651a 4500
999 _c18720
_d18720
001 YPZ87849
003 YPZ
005 20201103082530.0
008 080317|###########||||||b||||||||||spa|d
020 _a9507826432
020 _a9507826424 (o.c.)
040 _cSIUNPA
041 _aspa
044 _aag
080 _a77(82) F761f
245 _aLa fotografía en la historia argentina
250 _a1a ed.
260 _aBuenos Aires
_b : Arte Gráfico Editorial Argentino
_c , 2005
300 _av.
_b: il.
500 _aRealizado para celebrar los 60 años de existencia del diario Clarín
500 _aLa biblioteca posee v. 1-3
650 _a HISTORIA DE LA FOTOGRAFIA
650 _a HISTORIA ARGENTINA
942 _cBK
_2udc